000 00212nam a2200097Ia 4500
008 230605s9999 xx 000 0 und d
041 _aeng
100 _aCostantino
245 _aShots and Shooters
650 _aGEN
999 _c417461
_d417461